| 000 | 00684nam a22001937a 4500 | ||
|---|---|---|---|
| 003 | GSU | ||
| 005 | 20251212102901.0 | ||
| 008 | 251212b |||||||| |||| 00| 0 eng d | ||
| 040 |
_beng _cGSU _dGSU _erda |
||
| 050 |
_aR708 _b CUR |
||
| 245 |
_aCurrent procedural terminology 2023 / _cMark S. Synovec, Christopher L.Jagmin, Zach Hochstetler, Linda M. Barney, Aaron D. Bossler |
||
| 264 | 4 |
_aUSA : _bAmerican Medical Association, _c2023. |
|
| 300 |
_axxviii, 1284 pages : _bcolour illustrations ; _c28 cm |
||
| 336 |
_atext _btxt _2rdacontent |
||
| 337 |
_aunmediated _bn _2rdamedia |
||
| 338 |
_avolume _bnc _2rdacarrier |
||
| 504 | _aIncludes index. | ||
| 942 |
_2lcc _cBK _hR708 _kR _mCUR _n0 |
||
| 999 |
_c2604 _d2604 |
||